Capitales mondiales les plus proches d’Amsterdam - Sprint d'une minute - Statistiques

Statistiques générales
  • Ce quiz a été pris 109 fois
  • Le résultat moyen est 12 sur 20
Statistiques - réponses
km capitale % Correct
430 Paris
100%
173 Bruxelles
97%
578 Berlin
95%
358 Londres
91%
622 Copenhague
86%
319 Luxembourg
86%
631 Berne
77%
914 Oslo
77%
1125 Stockholm
73%
936 Vienne
68%
756 Dublin
64%
1098 Varsovie
63%
713 Prague
57%
670 Vaduz
51%
979 Monaco
46%
987 Bratislava
35%
1126 Andorre-la-Vieille
28%
1086 Zagreb
21%
1091 Saint-Marin
20%
989 Ljubljana
15%
Aucun quiz correspondant
Distribution des résultats
% des personnes avec chaque résultat
Percentile par nombre de réponses
Votre historique - résultats
Vous n’avez pas pris ce quiz